000 00579nam a2200217Ia 4500
003 OSt
005 20220928144131.0
006 a|||||r|||| 00| 0
007 ta
008 220927b |||||||| |||| 00| 0 eng d
024 _a24438
037 _cTextual
040 _aSDCL
_cSDCL
_beng
041 _2eng
_aeng
082 _aO15,1J601,2:g(R), N6
100 _aDharma
_9507066
245 0 _aPhilosophy of Narayaniyam
_b Study , text and sloka index.
260 _c1996
942 _hO15,1J601,2:g(R), N6
_cTEXL
_2CC
999 _c826352
_d826352